000
00247nam a2200097Ia 4500
008
240331s9999 xx 000 0 und d
082
_a
200.042
_b
ARE
100
_a
Sister in Islam,. ed
245
0
_a
Are Muslim Men Allowed to Beat There Wives
942
_c
L
999
_c
784
_d
784